[Event "Arak op (Women)"]
[Site "Arak"]
[Date "2017.08.17"]
[Round "8"]
[White "Ehtesham Mehr, Rahil"]
[Black "Hashemi, Seyede Fatemeh"]
[Result "0-1"]
[WhiteElo "1561"]
[BlackElo "1871"]
[PlyCount "84"]
[EventDate "2017.08.12"]
[EventType "swiss"]
[EventRounds "9"]
[EventCountry "IRI"]
[SourceTitle "CBM 180 Extra"]
[Source "ChessBase"]
[SourceDate "2017.10.06"]
[SourceVersion "1"]
[SourceVersionDate "2017.10.06"]
[SourceQuality "1"]

1. e4 c5 2. Be2 e6 3. Nf3 a6 4. d3 d6 5. c3 Nf6 6. 0-0 b5 7. a3 Bb7 8. Qc2 Be7 9. Re1 0-0 10. Nbd2 Nc6 11. Bf1 Rc8 12. g3 d5 13. Bg2 d4 14. c4 Nd7 15. h3 bxc4 16. Nxc4 Nb6 17. Nfd2 Nxc4 18. Nxc4 Na5 19. Bd2 Nxc4 20. Qxc4 Qb6 21. b3 a5 22. Rab1 Ba6 23. Qc2 Kh8 24. Rec1 f5 25. f4 Qb5 26. Qc4 Qb6 27. Qc2 Bb7 28. Re1 Bd8 29. Re2 Ba6 30. a4 Rb8 31. exf5 exf5 32. Re5 Bc7 33. Rd5 Rbe8 34. Bxa5 Qxa5 35. Rxc5 Bxd3 36. Qc1 Qb4 37. Rxc7 Bxb1 38. Kh2 Be4 39. Bxe4 Rxe4 40. Rc8 Re2+ 41. Kg1 Qe1+ 42. Qxe1 Rxe1+ 0-1